000 00471nam a2200145Ia 4500
008 100122s9999 xx 000 0 und d
082 _b48594
_a821
100 _aसुर्वे नारायण
245 _aमाझे विद्यापीठ
260 _bपॉप्युलर प्रकाशन
_c1993
300 _a64
630 _aमाझे विद्यापीठ
730 _aमाझे विद्यापीठ
942 _cBOOK
999 _c427133
_d427130